Info-Lúka informácie obce Lúka

Bibliographic Details
Format: Journal
Language:Slovak
PhysicalDescription:18 zv. 30 cm
Published: Lúka [Obecný úrad] 2001-2018
Subjects:
Online Access:https://www.obecluka.sk/o-obci/informacny-letak-obce

MARC

LEADER 00000cas a2200000 a 4500
001 vtls008155910
003 SK-MaSNL
005 20260228162057.0
008 050524d20012018xo fr|p 0 b0slo
040 |a SNK  |b slo  |c SNK  |e AACR2 
041 0 |a slo 
043 |a e-xo--- 
044 |a xo  |c SK 
072 7 |a 316  |x Sociológia  |2 konspekt 
072 7 |a 316.7  |x Sociológia kultúry. Kultúrny život  |2 konspekt 
072 7 |a 352/354  |x Stupne miestnej, oblastnej a ústrednej správy  |2 konspekt 
080 |a 316.728  |2 2011 
080 |a 353.9  |2 2011 
080 |a 050  |2 2011 
080 |a 316.72/.75-027.22  |2 2011 
080 |a (437.613)  |2 2011 
080 |a (051)+(054)  |2 2011 
245 0 0 |a Info-Lúka  |b informácie obce Lúka 
260 |a Lúka  |b [Obecný úrad]  |c 2001-2018 
300 |a 18 zv.  |c 30 cm 
310 |a 2x ročne  |b 2016-2018 
321 |a 3x ročne 
362 0 |a Č. 1 (2001)-roč. 18, č. 1 (apr. 2018) 
500 |a Časopis vychádza aj naďalej v elektronickej podobe 
650 0 7 |a spoločenský život  |2 SNKPH  |9 28654 
650 0 7 |a kultúrny život  |2 SNKPH  |9 3182 
650 0 7 |a územná samospráva  |2 SNKPH  |9 802 
651 7 |a Lúka (Slovensko)  |2 SNKPHgeo  |9 110297 
655 7 |a miestne periodiká  |2 SNKPH  |9 160938 
710 1 |a Lúka (Slovensko).  |b Obecný úrad  |4 pbl  |9 196880 
856 4 0 |u https://www.obecluka.sk/o-obci/informacny-letak-obce 
910 |a snk 
916 |a 2001-2015,2016-2018 
999 |c 6715  |d 8645 
952 |0 0  |1 0  |4 0  |7 0  |8 0  |a SNK  |b SNK  |d 2015-11-05  |f 1  |i snk2015/30420  |l 0  |o snkČSB 6046/2001  |p 17A1146797  |r 2026-02-21 21:05:05  |t č. 1-3  |w 2026-02-21  |y PREZ 
952 |0 0  |1 0  |4 0  |7 0  |8 0  |a SNK  |b SNK  |d 2015-11-05  |f 1  |i snk2015/30421  |l 0  |o snkČSB 6046/2/2002  |p 17A1146798  |r 2026-02-21 21:05:05  |t č. 1-3  |w 2026-02-21  |y PREZ 
952 |0 0  |1 0  |4 0  |7 0  |8 0  |a SNK  |b SNK  |d 2015-11-05  |i snk2015/30422  |l 0  |o snkČSB 6046/2/2002 D1  |p 17A1146799  |r 2026-02-21 21:05:05  |t č. 1-3  |w 2026-02-21  |y PREZ 
952 |0 0  |1 0  |4 0  |7 0  |8 0  |a SNK  |b SNK  |d 2015-11-05  |i snk2015/30423  |l 0  |o snkČSB 6046/3/2003 D1  |p 17A1146800  |r 2026-02-21 21:05:06  |t č. 1-3  |w 2026-02-21  |y PREZ  |z chybný výtlačok 
952 |0 0  |1 0  |4 0  |7 0  |8 0  |a SNK  |b SNK  |d 2015-11-05  |f 1  |i snk2015/30424  |l 0  |o snkČSB 6046/3/2003  |p 17A1146801  |r 2026-02-21 21:05:06  |t č. 1-3  |w 2026-02-21  |y PREZ 
952 |0 0  |1 0  |4 0  |7 0  |8 0  |a SNK  |b SNK  |d 2015-11-05  |f 1  |i snk2015/30425  |l 0  |o snkČSB 6046/4/2004  |p 17A1146802  |r 2026-02-21 21:05:11  |t č. 1-3  |w 2026-02-21  |y PREZ 
952 |0 0  |1 0  |4 0  |7 0  |8 0  |a SNK  |b SNK  |d 2015-11-05  |f 1  |i snk2015/30426  |l 0  |o snkČSB 6046/5/2005  |p 17A1146803  |r 2026-02-21 21:05:11  |t č. 1-3  |w 2026-02-21  |y PREZ 
952 |0 0  |1 0  |4 0  |7 0  |8 0  |a SNK  |b SNK  |d 2015-11-05  |f 1  |i snk2015/30427  |l 0  |o snkČSB 6046/6/2006  |p 17A1146804  |r 2026-02-21 21:05:11  |t č. 1-3  |w 2026-02-21  |y PREZ 
952 |0 0  |1 0  |4 0  |7 0  |8 0  |a SNK  |b SNK  |d 2015-11-05  |f 1  |i snk2015/30428  |l 0  |o snkČSB 6046/7/2007  |p 17A1146805  |r 2026-02-21 21:05:11  |t č. 1-3  |w 2026-02-21  |y PREZ 
952 |0 0  |1 0  |4 0  |7 0  |8 0  |a SNK  |b SNK  |d 2015-11-05  |f 1  |i snk2015/30429  |l 0  |o snkČSB 6046/8/2008  |p 17A1146806  |r 2026-02-21 21:05:11  |t č. 1-3  |w 2026-02-21  |y PREZ 
952 |0 0  |1 0  |4 0  |7 0  |8 0  |a SNK  |b SNK  |d 2015-11-05  |f 1  |i snk2015/30430  |l 0  |o snkČSB 6046/9/2009  |p 17A1146807  |r 2026-02-21 21:05:11  |t č. 1-3  |w 2026-02-21  |y PREZ 
952 |0 0  |1 0  |4 0  |7 0  |8 0  |a SNK  |b SNK  |d 2015-11-05  |f 1  |i snk2015/30431  |l 0  |o snkČSB 6046/10/2010  |p 17A1146808  |r 2026-02-21 21:05:11  |t č. 1-3  |w 2026-02-21  |y PREZ 
952 |0 0  |1 0  |4 0  |7 0  |8 0  |a SNK  |b SNK  |d 2015-11-05  |f 1  |i snk2015/30432  |l 0  |o snkČSB 6046/11/2011  |p 17A1146809  |r 2026-02-21 21:05:11  |t č. 1-3  |w 2026-02-21  |y PREZ 
952 |0 0  |1 0  |4 0  |7 0  |8 0  |a SNK  |b SNK  |d 2015-11-05  |f 1  |i snk2015/30433  |l 0  |o snkČSB 6046/12/2012  |p 17A1146810  |r 2026-02-21 21:05:11  |t č. 1-3  |w 2026-02-21  |y PREZ 
952 |0 0  |1 0  |4 0  |7 0  |8 0  |a SNK  |b SNK  |d 2015-11-05  |f 1  |i snk2015/30434  |l 0  |o snkČSB 6046/13/2013  |p 17A1146811  |r 2026-02-21 21:05:11  |t č. 1-3  |w 2026-02-21  |y PREZ 
952 |0 0  |1 0  |4 0  |7 0  |8 0  |a SNK  |b SNK  |d 2015-11-05  |f 1  |i snk2015/30435  |l 0  |o snkČSB 6046/14/2014  |p 17A1146812  |r 2026-02-21 21:05:11  |t č. 1-3  |w 2026-02-21  |y PREZ 
952 |0 0  |1 0  |4 0  |7 0  |8 0  |a SNK  |b SNK  |d 2022-02-23  |f 1  |i snk2022/2705  |l 0  |o snkČSB 6046/18/2018  |p 17A1462153  |r 2026-02-21 21:39:52  |t len č. 1  |w 2026-02-21  |y PREZ 
952 |0 0  |1 0  |4 0  |7 0  |8 0  |a SNK  |b SNK  |d 2016-02-19  |f 1  |i snk2016/4758  |l 0  |o snkČSB 6046/15/2015  |p 17A1098499  |r 2026-02-21 22:02:23  |t č. 1-3  |w 2026-02-21  |y PREZ 
952 |0 0  |1 0  |4 0  |7 0  |8 0  |a SNK  |b SNK  |d 2018-12-14  |f 1  |i snk2018/27251  |l 0  |o snkČSB 6046/16/2016  |p 17A1341029  |r 2026-02-21 22:13:58  |t č. 1-2, neúplné  |w 2026-02-21  |y PREZ  |z Chýba č. 1 
952 |0 0  |1 0  |4 0  |7 0  |8 0  |a SNK  |b SNK  |d 2018-12-14  |f 1  |i snk2018/27252  |l 0  |o snkČSB 6046/17/2017  |p 17A1341030  |r 2026-02-21 22:13:58  |t č. 1-2  |w 2026-02-21  |y PREZ